| 000 | 00551nam a2200169Ia 4500 | ||
|---|---|---|---|
| 008 | 090711s9999 xx 000 0 und d | ||
| 082 | _b70509 | ||
| 100 | _aवाळिंबे वि. स. | ||
| 245 | _aकथा ही दिवावादळाSाी | ||
| 260 | _c1993 | ||
| 300 | _a176 | ||
| 600 | _aवाळिंबे वि. स. | ||
| 630 | _aकथा ही दिवावादळाSाी | ||
| 700 | _aवाळिंबे वि. स. | ||
| 730 | _aकथा ही दिवावादळाSाी | ||
| 942 | _cBOOK | ||
| 999 |
_c317721 _d317721 |
||